Liverpool Player Nationalities - Statistics

General Stats
  • This quiz has been taken 824 times
  • The average score is 20 of 25
Answer Stats
Answer Name % Correct
Brazil Fabinho Tavares
99%
Brazil Roberto Firmino
99%
Brazil Alisson Becker
99%
England James Milner
99%
England Joe Gomez
99%
England Jordan Henderson
99%
England Daniel Sturridge
99%
England Adam Lallana
99%
England Alex Olxade-Chamberlain
99%
England Curtis Jones
99%
England Trent Alexander-Arnold
99%
Scotland Andrew Robertson
97%
Spain Alberto Moreno
96%
Belgium Simon Mignolet
94%
Belgium Divock Origi
94%
Switzerland Xherdan Shaqiri
94%
Cameroon Joel Matip
86%
Netherlands Virgil Van Dijk
63%
Netherlands Geroginio Wijnaldum
63%
Netherlands Ki-Jana Hoever
63%
Portugal Rafael Camacho
60%
Senegal Sadio Mane
31%
Egypt Mohamed Salah
28%
Croatia Dejan Lovren
19%
Guinea Naby Keita
13%
No matching quizzes found
Score Distribution
Percent of People with Each Score
Percentile by Number Answered
Your Score History
You have not taken this quiz